UBT Library

Fundamentals of investments : (Record no. 44456)

000 -LEADER
fixed length control field 00821cam a22002534a 4500
001 - CONTROL NUMBER
control field 13372000
005 - DATE AND TIME OF LATEST TRANSACTION
control field 20180308070342.0
008 - FIXED-LENGTH DATA ELEMENTS--GENERAL INFORMATION
fixed length control field 031014s2005 maua 001 0 eng
010 ## - LIBRARY OF CONGRESS CONTROL NUMBER
LC control number 2003066539
020 ## - INTERNATIONAL STANDARD BOOK NUMBER
International Standard Book Number 0072829192 (alk. paper)
020 ## - INTERNATIONAL STANDARD BOOK NUMBER
International Standard Book Number 0071111085 (international : alk. paper)
020 ## - INTERNATIONAL STANDARD BOOK NUMBER
International Standard Book Number 0072974559 (CDROM)
040 ## - CATALOGING SOURCE
Original cataloging agency DLC
Transcribing agency DLC
Modifying agency DLC
041 ## - LANGUAGE CODE
Language code of text/sound track or separate title eng
042 ## - AUTHENTICATION CODE
Authentication code pcc
080 ## - UNIVERSAL DECIMAL CLASSIFICATION NUMBER
Universal Decimal Classification number 332.6 COR
082 00 - DEWEY DECIMAL CLASSIFICATION NUMBER
Classification number 332.6 COR
Edition number 22
100 1# - Rafti
Rafti 51
101 ## - Shkurtesa
Shkurtesa INV
245 10 - TITLE STATEMENT
Title Fundamentals of investments :
Statement of responsibility, etc Charles J. Corrado, Bradford D. Jordan.
906 ## - LOCAL DATA ELEMENT F, LDF (RLIN)
a 7
b cbc
c orignew
d 1
e ocip
f 20
g y-gencatlg
942 ## - ADDED ENTRY ELEMENTS (KOHA)
Source of classification or shelving scheme
Item type Books
Holdings
Withdrawn status Lost status Source of classification or shelving scheme Damaged status Not for loan Collection code Permanent location Current location Shelving location Date acquired Total Checkouts Full call number Barcode Date last seen Price effective from Koha item type
          Koleksioni i përgjithshem UBT - Lipjan UBT - Lipjan Koleksioni i përgjithshem 03/08/2018   332.6 COR 002-3000827 03/08/2018 03/08/2018 Books
UBT Library © 2015-2024. All rights reserved University Education for Business and Technology